Tilastot visalle Aasian 15 suurinta kaupunkia kartalla

Klikkaa tästä pelataksesi tätä visaa!

Yleistilastot

  • Tätä visaa on pelattu 492 kertaa
  • Keskiarvotulos 11 / 15

Vastaukset kartalla

Vastauksille on annettu kartalla punavihreä väri sen mukaan, kuinka moni on saanut sen oikein.
Ladataan ...
 

Vastaustilastot

VäkilukuKaupunki% Oikein
40,4 milTokio
97%
19,8 milPeking
93%
30,3 milDelhi
87%
24,8 milSoul
87%
16,0 milIstanbul
87%
33,6 milShanghai
82%
18,8 milBangkok
75%
31,3 milJakarta
73%
25,1 milMumbai
71%
25,7 milManila
70%
17,7 milOsaka
63%
16,8 milKalkutta
51%
20,2 milDhaka
46%
17,8 milKarachi
37%
46,7 milGuangzhou
31%

Tulosjakauma

Persentiili vastausten määrän mukaan

Jokaisen tuloksen saaneiden osuus

Tuloshistoriasi

Et ole pelannut tätä visaa